| 000 -LEADER |
| fixed length control field |
01563cam a22004337i 4500 |
| 001 - CONTROL NUMBER |
| control field |
18680934 |
| 003 - CONTROL NUMBER IDENTIFIER |
| control field |
NUST |
| 005 - DATE AND TIME OF LATEST TRANSACTION |
| control field |
20200302121312.0 |
| 008 - FIXED-LENGTH DATA ELEMENTS--GENERAL INFORMATION |
| fixed length control field |
150630t20142014enka b 001 0 eng d |
| 010 ## - LIBRARY OF CONGRESS CONTROL NUMBER |
| LC control number |
2015301521 |
| 015 ## - NATIONAL BIBLIOGRAPHY NUMBER |
| National bibliography number |
GBB406181 |
| Source |
bnb |
| 016 7# - NATIONAL BIBLIOGRAPHIC AGENCY CONTROL NUMBER |
| Record control number |
016603816 |
| Source |
Uk |
| 020 ## - INTERNATIONAL STANDARD BOOK NUMBER |
| International Standard Book Number |
9781613530221 (hbk.) |
| 020 ## - INTERNATIONAL STANDARD BOOK NUMBER |
| International Standard Book Number |
1613530226 (hbk.) |
| 035 ## - SYSTEM CONTROL NUMBER |
| System control number |
(OCoLC)ocn868379889 |
| 038 ## - RECORD CONTENT LICENSOR |
| Staff Name |
waseem |
| 040 ## - CATALOGING SOURCE |
| Original cataloging agency |
UKMGB |
| Language of cataloging |
eng |
| Description conventions |
rda |
| Transcribing agency |
UKMGB |
| Modifying agency |
OCLCO |
| -- |
BTCTA |
| -- |
YDXCP |
| -- |
BUF |
| -- |
IPL |
| -- |
OCLCF |
| -- |
CDX |
| -- |
DLC |
| 042 ## - AUTHENTICATION CODE |
| Authentication code |
lccopycat |
| 050 00 - LIBRARY OF CONGRESS CALL NUMBER |
| Classification number |
TL696.R2 |
| Item number |
S75 2014 |
| 082 04 - DEWEY DECIMAL CLASSIFICATION NUMBER |
| Classification number |
621.3848 |
| Author Mark |
STI |
| 100 1# - MAIN ENTRY--PERSONAL NAME |
| Personal name |
Griffiths, H. |
| Fuller form of name |
(Hugh), |
| Dates associated with a name |
1956- |
| Relator term |
author. |
| 9 (RLIN) |
28754 |
| 245 10 - TITLE STATEMENT |
| Title |
Stimson's introduction to airborne radar / |
| Statement of responsibility, etc. |
George W. Stimson, Hugh D. Griffiths, Chris J. Baker, Dave Adamy. |
| 246 30 - VARYING FORM OF TITLE |
| Title proper/short title |
Introduction to airborne radar |
| 250 ## - EDITION STATEMENT |
| Edition statement |
Third edition. |
| 264 #1 - PRODUCTION, PUBLICATION, DISTRIBUTION, MANUFACTURE, AND COPYRIGHT NOTICE |
| Place of production, publication, distribution, manufacture |
Edison, NJ : |
| Name of producer, publisher, distributor, manufacturer |
SciTech Publishing, |
| Date of production, publication, distribution, manufacture, or copyright notice |
[2014] |
| 264 #4 - PRODUCTION, PUBLICATION, DISTRIBUTION, MANUFACTURE, AND COPYRIGHT NOTICE |
| Date of production, publication, distribution, manufacture, or copyright notice |
©2014 |
| 300 ## - PHYSICAL DESCRIPTION |
| Extent |
xxv, 745 pages : |
| Other physical details |
illustrations (chiefly color) ; |
| Dimensions |
29 cm |
| 336 ## - CONTENT TYPE |
| Content type term |
text |
| Source |
rdacontent |
| 337 ## - MEDIA TYPE |
| Media type term |
unmediated |
| Source |
rdamedia |
| 338 ## - CARRIER TYPE |
| Carrier type term |
volume |
| Source |
rdacarrier |
| 500 ## - GENERAL NOTE |
| General note |
Includes bibliographical references and index. |
| 650 #0 - SUBJECT ADDED ENTRY--TOPICAL TERM |
| Topical term or geographic name entry element |
Radar in aeronautics. |
| 9 (RLIN) |
28755 |
| 700 1# - ADDED ENTRY--PERSONAL NAME |
| Personal name |
Baker, Christopher, |
| Relator term |
author. |
| 9 (RLIN) |
28756 |
| 700 1# - ADDED ENTRY--PERSONAL NAME |
| Personal name |
Adamy, David, |
| Relator term |
author. |
| 9 (RLIN) |
28757 |
| 700 1# - ADDED ENTRY--PERSONAL NAME |
| Personal name |
Stimson, George W. |
| Title of a work |
Introduction to airborne radar. |
| 9 (RLIN) |
28758 |
| 906 ## - LOCAL DATA ELEMENT F, LDF (RLIN) |
| a |
7 |
| b |
cbc |
| c |
copycat |
| d |
2 |
| e |
ncip |
| f |
20 |
| g |
y-gencatlg |
| 942 ## - ADDED ENTRY ELEMENTS (KOHA) |
| Source of classification or shelving scheme |
|
| Koha item type |
Book |